000 00342nam a2200145 a 4500
008 981017s1968||||xx 0 und c
040 _aSNK
_bslo
_cSNK
_eAACR2
100 1 _aLukáč, Emil Boleslav
245 1 0 _aKvapky z perlete
260 _aBratislava
_bSmena
_c1968
300 _a225 s.
044 _axo
_cSK
041 _aslo
020 _c16
999 _c12103
_d12103